00622nam a22001817a 450000500170000001000130001702000260003003500130005603700180006908200080008710000120009524501040010726000600021127001000027130000340037170000190040571000160042420181204130913.0 aB-713021 a9789353061272c599.00 aB-713021 bL/RP/RK Books a000 aTrishna aGATE Previous Years' Solved Question PapersbComputerScience and information TechnologycBy Pearson aNoida bPearson India Education Services Pvt.Ltd,c2018 a15th Floor, Tower-B,World Trade Tower,Plot No.1 Block-C Sector-16bNoida (Utter Pradesh)e20130 aVarious Page i,viic24cm(pbk) aSharma Pradeep aVipin Kumar